000 01042cam a22002653a 4500
001 18703
003 PGUSA
005 20140828083410.0
008 060627s2006||||xxu|||||s|||||000 | eng d
040 _aPGUSA
_beng
042 _adc
050 4 _aE011
100 1 _aStevenson, James,
_d1840-1888
245 1 0 _aIllustrated Catalogue of the Collections Obtained from the Indians of New Mexico in 1880 :
_bSecond Annual Report of the Bureau of Ethnology to the Secretary of the Smithsonian Institution, 1880-81, Government Printing Office, Washington, 1883, pages 429-466
_h[electronic resource] /
_cJames Stevenson
260 _bProject Gutenberg,
_c2006
506 _aPublic domain in the USA.
516 _aElectronic text
653 _aIndians of North America -- New Mexico
653 _aIndians of North America -- Industries
653 _aIndian pottery -- North America
653 _aIndians of North America -- Arizona
830 0 _aProject Gutenberg
_v18703
856 4 0 _uhttp://www.gutenberg.org/ebooks/18703
942 _cEB
999 _c247958
_d247958